header

The only witness / (Record no. 264893)

MARC details
000 -LEADER
fixed length control field 00905cam a22003013a 4500
001 - CONTROL NUMBER
control field 12826064
003 - CONTROL NUMBER IDENTIFIER
control field OSt
005 - DATE AND TIME OF LATEST TRANSACTION
control field 20250603102645.0
008 - FIXED-LENGTH DATA ELEMENTS--GENERAL INFORMATION
fixed length control field 020118s2002 nyu 000 1 eng d
010 ## - LIBRARY OF CONGRESS CONTROL NUMBER
LC control number 2002581266
020 ## - INTERNATIONAL STANDARD BOOK NUMBER
International Standard Book Number 0439139368 (pbk.)
035 ## - SYSTEM CONTROL NUMBER
System control number (OCoLC)ocm48815927
040 ## - CATALOGING SOURCE
Original cataloging agency IMP
Transcribing agency IMP
Modifying agency DLC
042 ## - AUTHENTICATION CODE
Authentication code lccopycat
050 00 - LIBRARY OF CONGRESS CALL NUMBER
Classification number CPB Box no. 1918 vol. 5
100 1# - MAIN ENTRY--PERSONAL NAME
Personal name Watson, Jude.
245 14 - TITLE STATEMENT
Title The only witness /
Statement of responsibility, etc Jude Watson.
260 ## - PUBLICATION, DISTRIBUTION, ETC. (IMPRINT)
Place of publication, distribution, etc New York :
Name of publisher, distributor, etc Scholastic,
Date of publication, distribution, etc c2002.
300 ## - PHYSICAL DESCRIPTION
Extent 118 p. ;
Dimensions 20 cm.
490 1# - SERIES STATEMENT
Series statement Jedi apprentice ;
Volume number/sequential designation #17
655 #7 - INDEX TERM--GENRE/FORM
Genre/form data or focus term Science fiction.
Source of term gsafd
Genre/form data or focus term Children's stories.
Source of term lcsh
710 2# - ADDED ENTRY--CORPORATE NAME
Corporate name or jurisdiction name as entry element Copyright Paperback Collection (Library of Congress)
Institution to which field applies DLC
830 #0 - SERIES ADDED ENTRY--UNIFORM TITLE
Uniform title Star Wars, Jedi apprentice ;
Volume number/sequential designation 17.
906 ## - LOCAL DATA ELEMENT F, LDF (RLIN)
a 7
b cbc
c copycat
d 2
e ncip
f 20
g y-genrareb
942 ## - ADDED ENTRY ELEMENTS (KOHA)
Source of classification or shelving scheme Library of Congress Classification
Koha item type Long Loan Books
Holdings
Withdrawn status Lost status Source of classification or shelving scheme Damaged status Not for loan Collection code Home library Current library Shelving location Date acquired Source of acquisition Total Checkouts Full call number Barcode Date last seen Price effective from Koha item type
    Library of Congress Classification     Non-fiction Rongo University Library Rongo University Library Children's Area 03/06/2025 ALP Donation   CPB Box no. 1918 vol. 5 CL20222153 03/06/2025 03/06/2025 Long Loan Books

© 2026 Rongo University
Contact us: librarian | system librarian | Rongo university